Inauguración de las restauraciones del templo románico de Sant Vicenç d'Obiols / Sam
Publicado:
San Jorge, núm. 75 (3r trimestre 1969), pàg 35 :
MARC
| LEADER | 00000nam a2200000Ia 4500 | ||
|---|---|---|---|
| 008 | 160829s9999 xx 000 0 cat d | ||
| 100 | |a Sam |9 21611 | ||
| 245 | |a Inauguración de las restauraciones del templo románico de Sant Vicenç d'Obiols / Sam | ||
| 260 | |a San Jorge, núm. 75 (3r trimestre 1969), pàg 35 | ||
| 610 | 0 | |9 54088 |a Barcelona (Catalunya : Província). |b Servei de Catalogació i Conservació de Monuments | |
| 650 | |a Temple romànic de Sant Vicenç d'Obiols (Avià) |9 40191 | ||
| 901 | |a Arxiu | ||
| 942 | |n 1 |2 udc | ||
| 952 | |0 0 |1 0 |4 0 |7 1 |9 49474 |a Arxiu |b Arxiu |d 2016-12-01 |l 0 |r 2016-12-01 00:00:00 |w 2016-12-01 |y ARXIU | ||
| 999 | |c 53316 |d 53316 | ||